Otázky vzťahov J. Dienstbier v Belehrade ; Jiří Dienstbier

Bibliographic Details
Format: Article
Language:Slovak
Subjects:

MARC

LEADER 00000nab a2200000 a 4500
001 vtls000391376
003 SK-MaSNL
005 20260311225109.0
008 160115c1990 xo 0 slo
015 |a SNBRB19rr/mm-uuuuu 
035 |a CL0391500 
040 |a SNKBUCL  |b slo  |c SNKBUCL  |e AACR2 
041 0 |a slo 
044 |a xo  |c SK 
080 |a 327(043.7:497.1)  |2 1981 
080 |a 327(497.1:437)  |2 1981 
245 0 0 |a Otázky vzťahov  |b J. Dienstbier v Belehrade ; Jiří Dienstbier 
650 0 7 |a zahraničná politika  |2 snkbucl  |9 971 
651 7 |a Československo  |2 snkbucl  |9 21376 
655 7 |a články z novín a časopisov  |2 snkbucl  |9 267496 
773 0 |t Národná obroda  |g Roč. 1, č. 102 (11. 9. 1990), s. 1 
850 |a Slovenská národná knižnica v Martine  |a MTA001 
852 |a SNK  |b KIS3GCP 
958 |a RK 
992 |a RBX 
999 |c 3264866  |d 3266796